| 000 | 00641nam a2200229 a 4500 | ||
|---|---|---|---|
| 001 | BRL_313 | ||
| 005 | 20190320210700.0 | ||
| 008 | 290713s1987----mx-a######---#000-0#spa-# | ||
| 020 | _a968291646 | ||
| 041 | _aspa | ||
| 044 | _amx | ||
| 050 | 4 |
_aGT4995 _b.T73 1987 |
|
| 245 | 1 | 0 | _aLas tradiciones de días de muertos en México. |
| 260 |
_aMéxico _bSEP : Dirección General de Culturas Populares _c1987 |
||
| 300 |
_a94 p. _bil. _c21 cm. |
||
| 500 | _aAu2367 | ||
| 504 | _aBibliografía : p. 89-94 | ||
| 650 | 1 | 4 |
_aDía de muertos _zMéxico _923523 |
| 651 | 4 |
_aMéxico _xVida social y costumbres _9769 |
|
| 902 | _aGRL | ||
| 942 |
_2lcc _cB |
||
| 999 |
_c9126 _d9126 |
||